|
|
|
|
| LEADER |
00000nab a2200000 a 4500 |
| 001 |
vtls011104877 |
| 003 |
SK-MaSNL |
| 005 |
20260303143026.0 |
| 008 |
230222|2000 xo |||||||||||||||||slo| |
| 015 |
|
|
|a SNBRB
|
| 035 |
|
|
|a (uuid)9f5cabd9-5f3f-49e4-8b14-038b9d5ea375
|
| 035 |
|
|
|a (urnnbn)urn:nbn:sk:snk:ar-a087jw
|
| 035 |
|
|
|a urn:nbn:sk:snk-ab9b8c
|
| 040 |
|
|
|a SNKBUCL
|b slo
|c SNKBUCL
|e AACR2
|
| 041 |
0 |
|
|a slo
|
| 044 |
|
|
|a xo
|c SK
|
| 100 |
1 |
|
|a Rišková, Mária
|4 aut
|9 752432
|
| 245 |
1 |
0 |
|a Zatvorené obrazy
|c Mária Rišková
|
| 773 |
0 |
|
|t Profil súčasného výtvarného umenia
|g Roč. 7, č. 4 (2000), s. 90-91
|
| 954 |
|
|
|a odborná, vedecká literatúra pôvodná (slovenská)
|2 lita
|
| 958 |
|
|
|a OND
|
| 958 |
|
|
|a EUIPO
|
| 958 |
|
|
|a article13
|
| 999 |
|
|
|c 1987521
|d 1989451
|